| 000 | 00740nam a22002177a 4500 | ||
|---|---|---|---|
| 999 |
_c20180 _d20180 |
||
| 003 | AR-CdUCM | ||
| 008 | 190527b ||||| |||| 00| 0 spa d | ||
| 040 |
_aMUNICIPALIDAD PROVINCIAL DEL CUSCO _cBIBLIOTECA MUNICIPAL DEL CUSCO |
||
| 041 | _heng | ||
| 082 |
_a616.99 / _bH24 |
||
| 100 |
_aHatem, Charles J. _942188 |
||
| 245 | _aTransmisión y patogenia de la tuberculosis / | ||
| 260 |
_aBuenos Aires : _bCentro Regional de Ayuda Técnica, _c1973. |
||
| 300 |
_a76 páginas _c24 cm. _bIlustraciones. |
||
| 505 | _aContenido: Transmisión de la tuberculosis -- Patogenia de la tuberculosis. | ||
| 650 |
_aTuberculosis _921585 |
||
| 650 |
_aAlvéolos _942189 |
||
| 650 |
_aBacilos _942190 |
||
| 942 |
_2ddc _cLIBROS |
||
| 945 | _aJavier | ||